000 00943nam a2200217Ia 4500
003 OSt
005 20250521091536.0
007 ca aa aaaaa
008 201103s9999 xx 000 0 und d
040 _cSSBUL
041 _abur
082 _a၂၉၄.၃၇၅ ဇ
_b၂၀၃၆ S-SAT
100 0 _aဇနကာဘိဝံသ၊ အရှင်။
245 1 0 _aဘာသာရေးပြဿနာများအဖြေနှင့်စစ်တပ်တရားတော် /
_cအရှင်ဇနကာဘိဝံသ။
260 _aအမရပူရ ၊
_bမဟာဂန္ဓာရုံစာပေ၊
_c၁၉၉၇။
300 _aဍ၊ ၁၃၀ စာမျက်နှာ ၊
_c၁၈ စင်တီ။
500 _aS-SAT: Prof. Dr. Sai Aung Tun
650 _aဗုဒ္ဓဘာသာ
_xအမေးအဖြေ
650 _aဗုဒ္ဓဘာသာတရားတော်
_930256
942 _cBK1
_2ddc
999 _c43587
_d43587